Noches de opera en el Liceo / por Xavier Montsalvatge
Publicado:
San Jorge, núm. 92 (4rt trimestre 1973), pàg 81 - 83 :
MARC
| LEADER | 00000nam a2200000Ia 4500 | ||
|---|---|---|---|
| 001 | |||
| 008 | 160829s9999 xx 000 0 cat d | ||
| 100 | |a Montsalvatge, Xavier |9 29535 | ||
| 245 | |a Noches de opera en el Liceo / por Xavier Montsalvatge | ||
| 260 | |a San Jorge, núm. 92 (4rt trimestre 1973), pàg 81 - 83 | ||
| 650 | |a Gran Teatre del Liceu | ||
| 650 | |a Òpera |x Barcelona |9 43454 | ||
| 901 | |a Arxiu | ||
| 942 | |n 1 | ||
| 952 | |0 0 |1 0 |4 0 |7 1 |9 51452 |a Arxiu |b Arxiu |d 2016-12-01 |l 0 |r 2016-12-01 00:00:00 |w 2016-12-01 |y ARXIU | ||
| 999 | |c 55296 |d 55296 | ||